000 00853cam a2200325 4500500
005 20260405003622.0
041 _afre
042 _adc
100 1 0 _ade Oliveira, Victorine
_eauthor
245 0 0 _aPrises de conscience
260 _c2022.
500 _a21
690 _aAntisémitisme
690 _aÉcoféminisme
690 _aEngagement
690 _aÉveil
690 _aIdentité
690 _aJeanne Burgart Goutal
690 _aJuif
690 _aNoir
690 _aNorme
690 _aRace
690 _aRenoncement
690 _aSobriété
690 _aTransidentité
690 _aVéganisme
690 _awoke
786 0 _nPhilosophie magazine | 165 | 12 | 2022-12-01 | p. 30-32 | 1951-1787
856 4 1 _uhttps://shs.cairn.info/magazine-philosophie-magazine-2022-12-page-30?lang=fr&redirect-ssocas=7080
999 _c2069320
_d2069320